000 00921cam a2200325 i 4500
001 0000450
003 DO-SdBNP
005 20180221153441.0
007 0000450
008 100514s 1998 sp | |||| 000 f spa
015 _a
017 _a
_b
020 _a2800659467
035 _a
040 _aBPMSU
_bspa
_cBPMSU
_e
080 _a
082 4 _axxxx
_bxxxx
100 1 _aJoris, Daniel
245 1 3 _aLa sombra de "El zorro" /
_cDaniel Joris ; traducción José Calvo ; ilustraciones Dominique de Hollogne
260 _a[España] :
_bHemma joven,
_c1998.
300 _a119 p. :
_bil. ;
_c21 cm
490 1 _aSuper club estrella zorro
_v1
521 _aPara niños a partir de 8 años.
700 1 2 _aHollogne, Dominique,
_eil.
700 1 2 _aCalvo, José
_etrad.
830 0 _aSuper club estrella zorro
_n1
942 _2ddc
_cBK
945 _aInventariado, 2018 / BT
956 _aYLOCKWARD
_810
_cBPMSU
999 _c10588
_d10588